Phantom of the Opera (Iron Maiden) - Lyrics - Statistics

General Stats
  • This quiz has been taken 4 times
  • The average score is 105 of 195
Answer Stats
Lyrics % Correct
I
100%
in
100%
and
67%
And
67%
at
67%
away
67%
away,
67%
back
67%
bait
67%
come
67%
don't
67%
Don't
67%
from
67%
get
67%
grasp
67%
haunt
67%
his
67%
I'm
67%
know
67%
lair
67%
maim
67%
maul
67%
me
67%
me,
67%
my
67%
now,
67%
Now,
67%
of
67%
Oh-woah
67%
on
67%
ooh
67%
Opera,
67%
out
67%
Phantom
67%
scare
67%
stray,
67%
stray
67%
take
67%
taunt
67%
the
67%
to
67%
torture
67%
Torture
67%
walk
67%
way,
67%
won't
67%
yeah
67%
you
67%
you,
67%
You
67%
Your
67%
your
67%
You're
67%
you're
67%
ain't
33%
all
33%
always
33%
are
33%
been
33%
behind
33%
catcall,
33%
curtain
33%
damaged
33%
devil,
33%
distance,
33%
dreams,
33%
fade
33%
fall
33%
false
33%
feelings
33%
floats
33%
for
33%
gonna
33%
got
33%
have
33%
helpless
33%
he's
33%
hiding,
33%
hiding
33%
holding
33%
it
33%
I've
33%
just
33%
knowing
33%
last
33%
living
33%
long
33%
looking
33%
looks
33%
mask
33%
may
33%
mesmerising
33%
mind
33%
narrow
33%
past
33%
remains
33%
running
33%
scratch
33%
so
33%
soul;
33%
step,
33%
terror
33%
that
33%
there,
33%
there
33%
us
33%
wait
33%
Watch
33%
what
33%
You've
33%
air
0%
Keep
0%
standing
0%
through
0%
wings
0%
No matching quizzes found
Score Distribution
Percent of People with Each Score
Percentile by Number Answered
Your Score History
You have not taken this quiz